Concentrating on development (Record no. 66763)

MARC details
000 -LEADER
fixed length control field 01170cam a2200241 4500
001 - CONTROL NUMBER
control field ABS63892
008 - FIXED-LENGTH DATA ELEMENTS--GENERAL INFORMATION
fixed length control field 000000n2001 000 0 eng u
035 ## - SYSTEM CONTROL NUMBER
System control number (Sirsi) u112103
100 ## - MAIN ENTRY--PERSONAL NAME
Personal name Waters, B.
245 ## - TITLE STATEMENT
Title Concentrating on development
260 ## - PUBLICATION, DISTRIBUTION, ETC.
Date of publication, distribution, etc. 2001
490 ## - SERIES STATEMENT
Series statement Architects' Journal
Volume/sequential designation 213(12) 29 March 2001, 44(1)
520 ## - SUMMARY, ETC.
Summary, etc. Discusses the possible benefits of Transport Development Areas (TDA) advocated in an RICS report, "Transport Development Areas: a study into achieving higher density development around public transport nodes". These could direct development to the most accessible locations, linking sustainable land use with better public transport. Argues for a more formal mechanism to bring about implementation of the TDA and create cooperation between the relevant authorities such as developers and transport operators.
590 ## - LOCAL NOTE (RLIN)
Local note ABS
650 ## - SUBJECT ADDED ENTRY--TOPICAL TERM
Topical term or geographic name entry element RICS REPORT
650 ## - SUBJECT ADDED ENTRY--TOPICAL TERM
Topical term or geographic name entry element URBAN TASK FORCE
650 ## - SUBJECT ADDED ENTRY--TOPICAL TERM
Topical term or geographic name entry element DETR
650 ## - SUBJECT ADDED ENTRY--TOPICAL TERM
Topical term or geographic name entry element TRANSPORT DEVELOPMENT AREAS
650 ## - SUBJECT ADDED ENTRY--TOPICAL TERM
Topical term or geographic name entry element PLANNING POLICY GUIDANCE NOTE 13
650 ## - SUBJECT ADDED ENTRY--TOPICAL TERM
Topical term or geographic name entry element LOCAL AUTHORITIES
690 ## - LOCAL SUBJECT ADDED ENTRY--TOPICAL TERM (OCLC, RLIN)
Topical term or geographic name as entry element ENVIRONMENTAL AND LAND CONSULTANCY-PLANNING AND DEVELOPMENT
942 ## - ADDED ENTRY ELEMENTS (KOHA)
Suppress in OPAC 0
Holdings
Withdrawn status Lost status Source of classification or shelving scheme Damaged status Not for loan Home library Current library Shelving location Date acquired Total Checkouts Full call number Barcode Date last seen Copy number Price effective from Koha item type
    Dewey Decimal Classification     London London Journal article 23/04/2001   ABS63892 112103-1001 06/08/2019 1 06/08/2019 Journal article